000 00559nam a2200181Ia 4500
003 OSt
005 20200515091814.0
008 190216s9999||||xx |||||||||||||| ||und||
020 _a9788174352040
040 _coclc
082 _a962.020924
_bEDD/L
100 _aEd-Din, Beha
_92302
245 0 _aThe Life Of Saladin /
_cBeha Ed Din
260 _bAdam Publishers&Distributors,
_c2002.
_aNew Delhi:
300 _a420p
650 0 _aHistory & geography
_vIslamic History
_92271
942 _cBK
_2ddc
_h962.020924
_iEDD/L
_k962.020924
_mEDD/L
999 _c22574
_d22574